[Event "29. Staufer-Open (A)"]
[Site "?"]
[Date "2017.01.02"]
[Round "1"]
[White "Fedorchuk, Sergey A"]
[Black "Dorst, Johannes"]
[Result "1-0"]
[WhiteElo "2625"]
[BlackElo "2193"]
[PlyCount "117"]
[EventDate "2017.??.??"]
[BlackTeam "SK Marburg"]

1. e4 e6 2. d4 d5 3. Bd3 dxe4 4. Bxe4 Nf6 5. Bf3 c5 6. Ne2 Nc6 7. Be3 Qa5+ 8.
Nbc3 Be7 9. a3 cxd4 10. Nxd4 Bd7 11. Nb3 Qc7 12. Nb5 Qe5 13. Qe2 O-O 14. O-O-O
Na5 15. Nxa5 Bxb5 16. Qd2 Rad8 17. Bd4 Qf5 18. Nxb7 e5 19. Nxd8 Rxd8 20. Qe3
Ba4 21. b3 Bxb3 22. Qxb3 exd4 23. Rhe1 Bd6 24. Rxd4 Bxa3+ 25. Qxa3 Rxd4 26.
Qxa7 Qf4+ 27. Re3 g6 28. g3 Qd6 29. Qe7 Qa6 30. Ra3 Qf1+ 31. Kb2 Kg7 32. Qe2
Qh3 33. Rb3 Qf5 34. Rb5 Qd7 35. Rb7 Qf5 36. h4 h5 37. Bc6 Qc5 38. Qe7 Qc4 39.
Rb8 Nh7 40. Qe5+ Nf6 41. Rb6 Rg4 42. f4 Qe6 43. Qxe6 fxe6 44. Rb3 Nd5 45. Bxd5
exd5 46. Rf3 Kf6 47. Kc3 Ke6 48. Kd3 Kd6 49. Ke3 Kc5 50. Kf2 Kd4 51. Ra3 Kc4
52. Kf3 Kb4 53. Ra6 Kb5 54. Re6 Kc5 55. Re5 Kd4 56. Rg5 Kc4 57. Rxg4 hxg4+ 58.
Kxg4 Kc3 59. f5 1-0

[Event "29. Staufer-Open (A)"]
[Site "?"]
[Date "2017.01.02"]
[Round "1"]
[White "Höglauer, Patrick"]
[Black "Vorobiov, Evgeny E"]
[Result "0-1"]
[WhiteElo "2187"]
[BlackElo "2583"]
[PlyCount "50"]
[EventDate "2017.??.??"]
[WhiteTeam "SC Grunbach"]
[BlackTeam "SF 90 Spraitbach"]

1. d4 Nf6 2. c4 g6 3. Nc3 Bg7 4. e4 d6 5. Nf3 O-O 6. h3 Na6 7. Be2 c6 8. Bg5 h6
9. Be3 e5 10. d5 cxd5 11. cxd5 Nh5 12. g3 f5 13. exf5 gxf5 14. Nh2 f4 15. Bxh5
fxe3 16. f3 e4 17. fxe4 Qg5 18. Nf1 Rf2 19. h4 Qe5 20. Rc1 Nc5 21. Rg1 Rxb2 22.
Nxe3 Bh3 23. Be2 Rf8 24. Na4 Rxa2 25. Nxc5 Qc3+ 0-1

[Event "29. Staufer-Open (A)"]
[Site "?"]
[Date "2017.01.02"]
[Round "1"]
[White "Burmakin, Vladimir"]
[Black "Polacik, Igor"]
[Result "1-0"]
[WhiteElo "2535"]
[BlackElo "2187"]
[PlyCount "67"]
[EventDate "2017.??.??"]
[WhiteTeam "SF 90 Spraitbach"]

1. Nf3 c5 2. g3 Nc6 3. Bg2 g6 4. O-O Bg7 5. c4 e6 6. Nc3 Nge7 7. b3 d5 8. Bb2
d4 9. Na4 Qd6 10. a3 Rb8 11. b4 h6 12. d3 O-O 13. Nd2 cxb4 14. axb4 Nxb4 15.
Ba3 a5 16. Rc1 Qd8 17. Bxb4 axb4 18. Rb1 Bd7 19. Rxb4 Be5 20. Rb1 Bc7 21. Qc2
h5 22. Rfc1 Qe8 23. Ra1 Kg7 24. c5 b5 25. c6 Bc8 26. Nc5 Nd5 27. Bxd5 exd5 28.
Nd7 h4 29. Nb3 hxg3 30. hxg3 Rh8 31. Qc5 Bxd7 32. cxd7 Qxe2 33. Qxd4+ f6 34.
Rxc7 1-0

[Event "29. Staufer-Open (A)"]
[Site "?"]
[Date "2017.01.02"]
[Round "1"]
[White "Schwab, Matthias"]
[Black "Miezis, Normunds"]
[Result "1-0"]
[WhiteElo "2184"]
[BlackElo "2509"]
[PlyCount "82"]
[EventDate "2017.??.??"]
[WhiteTeam "SC Böblingen"]
[BlackTeam "SC Emmendingen"]

1. d4 Nf6 2. c4 c5 3. d5 e6 4. Nc3 exd5 5. cxd5 Bd6 6. g3 O-O 7. Bg2 Re8 8. Nf3
Bc7 9. O-O d6 10. b3 a6 11. a4 Nbd7 12. Bb2 Rb8 13. Qd3 Nf8 14. Nd2 Ng6 15. f4
Bd7 16. Nce4 Nxe4 17. Nxe4 f6 18. h4 Qe7 19. h5 Bf5 20. Nxf6+ Qxf6 21. Bxf6
Bxd3 22. exd3 gxf6 23. hxg6 hxg6 24. Rfe1 Kf7 25. Kf1 Ba5 26. Re4 f5 27. Rxe8
Rxe8 28. Rd1 Kf6 29. Bf3 g5 30. fxg5+ Kxg5 31. Kg2 Bc3 32. Rh1 Re3 33. Rh7 Rxd3
34. Rxb7 a5 35. Rb6 Be5 36. Rb5 Rd2+ 37. Kf1 Bxg3 38. Be2 Kf4 39. Rxa5 Ke3 40.
Bh5 Rh2 41. Bd1 f4 1-0

[Event "29. Staufer-Open (A)"]
[Site "?"]
[Date "2017.01.02"]
[Round "1"]
[White "Dgebuadze, Alexandre"]
[Black "Budzyn, Matthias"]
[Result "1-0"]
[WhiteElo "2505"]
[BlackElo "2182"]
[PlyCount "89"]
[EventDate "2017.??.??"]
[BlackTeam "SG Turm Kiel"]

1. e4 e5 2. Nf3 Nc6 3. Nc3 Nf6 4. a3 d5 5. exd5 Nxd5 6. Bb5 Nxc3 7. bxc3 Bd6 8.
d4 exd4 9. Qe2+ Qe7 10. Qxe7+ Kxe7 11. cxd4 a6 12. Be2 Re8 13. c4 Kf8 14. Be3
Bg4 15. O-O Bf4 16. Bxf4 Rxe2 17. d5 Bxf3 18. gxf3 Ne5 19. c5 g5 20. Be3 Nxf3+
21. Kg2 Nh4+ 22. Kh1 Nf3 23. d6 Ke8 24. Rfd1 Kd7 25. Rab1 Kc6 26. Kg2 Ne5 27.
Bxg5 Rg8 28. Kf1 Rc2 29. dxc7 Kxc7 30. Bf4 f6 31. Rd6 Kc8 32. Bg3 Rxc5 33. Rxf6
Nc4 34. Re1 Nd2+ 35. Kg2 h5 36. h4 Nc4 37. Rf7 Ne5 38. Rh7 Nd3 39. Ree7 Nf4+
40. Kh2 Ng6 41. Rxb7 Ne5 42. Ra7 Nf3+ 43. Kh3 Kd8 44. Ra8+ Rc8 45. Bc7+ 1-0

[Event "29. Staufer-Open (A)"]
[Site "?"]
[Date "2017.01.02"]
[Round "1"]
[White "Fieberg, Samuel"]
[Black "Gavrilov, Alexei"]
[Result "0-1"]
[WhiteElo "2177"]
[BlackElo "2498"]
[PlyCount "46"]
[EventDate "2017.??.??"]
[WhiteTeam "SG Porz"]

1. e4 c6 2. d4 d5 3. e5 Bf5 4. Nf3 e6 5. Be2 c5 6. Be3 Qb6 7. Nc3 Nc6 8. O-O
Qxb2 9. Nb5 c4 10. Nc7+ Kd7 11. Nxa8 Bxc2 12. Qc1 Ba3 13. Ne1 Bg6 14. Nf3 Nge7
15. Nd2 Qxc1 16. Rfxc1 Rxa8 17. Re1 b5 18. g4 Bb2 19. Rab1 Bxb1 20. Rxb1 Bxd4
21. Rxb5 Bxe3 22. fxe3 Kc7 23. e4 Nd4 0-1

[Event "29. Staufer-Open (A)"]
[Site "?"]
[Date "2017.01.02"]
[Round "1"]
[White "Teske, Henrik"]
[Black "Gress, Alexander"]
[Result "1-0"]
[WhiteElo "2495"]
[BlackElo "2175"]
[PlyCount "53"]
[EventDate "2017.??.??"]
[WhiteTeam "SV Empor Erfurt"]
[BlackTeam "SC Schwarzenbach"]

1. d4 c5 2. c3 Nf6 3. Nf3 e6 4. Bg5 h6 5. Bh4 Nc6 6. e3 b6 7. Nbd2 Be7 8. Bd3
Bb7 9. O-O d5 10. Qe2 O-O 11. Rfe1 Ne4 12. Bg3 Nxg3 13. hxg3 Bf6 14. Rad1 Qe7
15. dxc5 bxc5 16. e4 dxe4 17. Qxe4 g6 18. Qe3 Bg7 19. Nb3 Rab8 20. Nxc5 Ba8 21.
Bxg6 fxg6 22. Nd7 Rxb2 23. Nxf8 Kxf8 24. Qf4+ Kg8 25. Qc4 Qf7 26. Rxe6 Ne5 27.
Re8+ 1-0

[Event "29. Staufer-Open (A)"]
[Site "?"]
[Date "2017.01.02"]
[Round "1"]
[White "Heimrath, Reiner"]
[Black "Kantor, Gergely"]
[Result "0-1"]
[WhiteElo "2174"]
[BlackElo "2448"]
[PlyCount "106"]
[EventDate "2017.??.??"]
[WhiteTeam "SC Noris-Tarrasch Nürnberg"]

1. Nf3 d5 2. g3 Nf6 3. Bg2 c6 4. O-O Bg4 5. b3 Nbd7 6. Bb2 e6 7. d3 Bd6 8. Nbd2
O-O 9. Qe1 e5 10. e4 Re8 11. h3 Bh5 12. Nh4 a5 13. a4 Bb4 14. f3 Nc5 15. Rf2 b5
16. axb5 cxb5 17. Ba3 Bxa3 18. Rxa3 Qb6 19. Nf5 Bg6 20. Ne3 d4 21. Nd1 Nfd7 22.
Nb2 Na6 23. Ra1 Nb4 24. Nb1 Rac8 25. Na3 Rc3 26. f4 f6 27. Bf3 Rec8 28. Bg4 Qc6
29. fxe5 fxe5 30. Nd1 Rc5 31. h4 Bf7 32. Qf1 Be6 33. Qh3 Bxg4 34. Qxg4 Nf6 35.
Qf5 Rf8 36. Qh3 Nxc2 37. Nxc2 Rxc2 38. Rxa5 Rc1 39. Qf1 Qe6 40. Qe2 Qxb3 41.
Rf1 h5 42. Qa2 Qxa2 43. Rxa2 Ng4 44. Rd2 Rxf1+ 45. Kxf1 Ne3+ 46. Ke2 Rxd1 47.
Rxd1 Nxd1 48. Kxd1 Kf7 49. Kc2 Ke6 50. Kb3 Kd6 51. Kb4 Kc6 52. Kb3 Kb6 53. Kb4
Ka6 0-1

[Event "29. Staufer-Open (A)"]
[Site "?"]
[Date "2017.01.02"]
[Round "1"]
[White "Krassowizkij, Jaroslaw"]
[Black "Walter, Kevin"]
[Result "1-0"]
[WhiteElo "2446"]
[BlackElo "2172"]
[PlyCount "81"]
[EventDate "2017.??.??"]
[WhiteTeam "SV Griesheim"]
[BlackTeam "SK Sontheim/Brenz"]

1. d4 Nf6 2. c4 g6 3. f3 d5 4. cxd5 Nxd5 5. e4 Nb6 6. Nc3 Bg7 7. Be3 O-O 8. Qd2
Nc6 9. O-O-O e5 10. d5 Nd4 11. f4 Bg4 12. Re1 c5 13. fxe5 Bxe5 14. h3 Bd7 15.
Nf3 Nxf3 16. gxf3 f5 17. Bxc5 Rc8 18. Bd4 Bg3 19. Qh6 Rf7 20. Rg1 f4 21. Kb1
Na4 22. Rc1 Qa5 23. a3 Nxc3+ 24. Bxc3 Qb6 25. Rg2 Qd8 26. Bd3 Ba4 27. h4 Qxh4
28. Qxh4 Bxh4 29. e5 Bb3 30. e6 Re7 31. Bxg6 hxg6 32. Rxg6+ Kh7 33. Rg4 Rxc3
34. Rxh4+ Kg6 35. Rg1+ Kf6 36. Rh6+ Ke5 37. Rh5+ Kd6 38. bxc3 Rc7 39. Kb2 Bxd5
40. Rd1 Rc5 41. Rhxd5+ 1-0

[Event "29. Staufer-Open (A)"]
[Site "?"]
[Date "2017.01.02"]
[Round "1"]
[White "Jansen, Dirk Norbert"]
[Black "Keymer, Vincent"]
[Result "1-0"]
[WhiteElo "2170"]
[BlackElo "2415"]
[PlyCount "87"]
[EventDate "2017.??.??"]
[WhiteTeam "SVG Plettenberg"]
[BlackTeam "SK Gau-Algesheim"]

1. e4 c5 2. Nf3 e6 3. d4 cxd4 4. Nxd4 a6 5. Nc3 Qc7 6. g3 Nf6 7. Bg2 Nc6 8. Nb3
d6 9. O-O Be7 10. Re1 O-O 11. Qe2 b5 12. a3 Bb7 13. Be3 Ne5 14. Rad1 Nc4 15.
Bc1 Rac8 16. Rd3 Nd7 17. g4 Qb6 18. g5 f6 19. Bh3 f5 20. exf5 Nde5 21. f6 gxf6
22. Bxe6+ Kh8 23. Rh3 fxg5 24. Nd5 Bxd5 25. Bxd5 g4 26. Rh5 Bf6 27. c3 Rce8 28.
Kh1 Re7 29. Qc2 Qa7 30. Bh6 Rfe8 31. Qf5 Rf7 32. Bxf7 Qxf7 33. f4 Qd5+ 34. Qe4
Qf7 35. Bg5 Bd8 36. Bxd8 Qxh5 37. Bf6+ Kg8 38. fxe5 dxe5 39. Rg1 Kf7 40. Rf1
Qh3 41. Qb7+ Ke6 42. Nc5+ Kd6 43. Rd1+ Kxc5 44. Qc7# 1-0

[Event "29. Staufer-Open (A)"]
[Site "?"]
[Date "2017.01.02"]
[Round "1"]
[White "Velicka, Petr"]
[Black "Smolny, Frieder"]
[Result "1-0"]
[WhiteElo "2437"]
[BlackElo "2161"]
[PlyCount "51"]
[EventDate "2017.??.??"]
[WhiteTeam "SK Passau"]
[BlackTeam "SC Weiße Dame Ulm"]

1. e4 Nf6 2. e5 Nd5 3. d4 d6 4. c4 Nb6 5. exd6 cxd6 6. Nc3 g6 7. Be3 Bg7 8. Rc1
O-O 9. b3 Bf5 10. Be2 d5 11. c5 Nc8 12. Bf3 Nc6 13. Bxd5 e5 14. Bxc6 bxc6 15.
Nge2 Qa5 16. O-O Rd8 17. d5 cxd5 18. Nxd5 Be6 19. Nec3 e4 20. b4 Qa6 21. Nc7
Rxd1 22. Rfxd1 Qc6 23. Rd8+ Bf8 24. Bh6 Nb6 25. Nxa8 Nxa8 26. Rxf8# 1-0

[Event "29. Staufer-Open (A)"]
[Site "?"]
[Date "2017.01.02"]
[Round "1"]
[White "Pürckhauer, Sören"]
[Black "Nagy, Gabor"]
[Result "0-1"]
[WhiteElo "2163"]
[BlackElo "2433"]
[PlyCount "76"]
[EventDate "2017.??.??"]
[WhiteTeam "SK Sontheim/Brenz"]

1. d4 Nf6 2. Nf3 c5 3. e3 b6 4. Nbd2 Bb7 5. c3 g6 6. Bd3 Bg7 7. Qe2 O-O 8. O-O
d5 9. Re1 Nc6 10. Ba6 Bxa6 11. Qxa6 Nd7 12. dxc5 Nxc5 13. Qe2 e5 14. b4 e4 15.
Nd4 Nxd4 16. cxd4 Nd3 17. Rf1 Qd7 18. a4 Rfc8 19. b5 a6 20. Ba3 axb5 21. axb5
Qxb5 22. Rfb1 Qc6 23. Qd1 h5 24. h3 Qc2 25. Qxc2 Rxc2 26. Nf1 Nxf2 27. Rxb6 Bf8
28. Rb2 Rxb2 29. Bxb2 Rxa1 30. Bxa1 Nd1 31. g4 hxg4 32. hxg4 Bh6 33. Kg2 Nxe3+
34. Nxe3 Bxe3 35. Bc3 f5 36. gxf5 gxf5 37. Kg3 Kf7 38. Kh4 Kg6 0-1

[Event "29. Staufer-Open (A)"]
[Site "?"]
[Date "2017.01.02"]
[Round "1"]
[White "Kleman, Miroslav"]
[Black "Stets, Dmitry"]
[Result "1/2-1/2"]
[WhiteElo "2157"]
[BlackElo "2420"]
[PlyCount "105"]
[EventDate "2017.??.??"]
[WhiteTeam "SC Grunbach"]
[BlackTeam "SF Gerresheim"]

1. e4 c5 2. d4 cxd4 3. c3 Nf6 4. e5 Nd5 5. Nf3 Nc6 6. Bc4 e6 7. cxd4 d6 8. O-O
Be7 9. a3 O-O 10. b4 a6 11. Bb2 b5 12. Bd3 Bb7 13. Nbd2 dxe5 14. dxe5 Nf4 15.
Bb1 Nd5 16. Qc2 g6 17. Ne4 Rc8 18. Qd2 f5 19. exf6 Nxf6 20. Qh6 Rf7 21. Neg5
Ng4 22. Nxf7 Nxh6 23. Nxd8 Nxd8 24. Ne5 Bd5 25. Nd7 Bc4 26. Nb6 Rb8 27. Nxc4
bxc4 28. Be5 Rb5 29. f4 Ng4 30. a4 Rxb4 31. Rd1 Nxe5 32. fxe5 Nc6 33. Be4 Nxe5
34. Rd4 Kf7 35. a5 Nd3 36. Bxd3 cxd3 37. Rxb4 Bxb4 38. Kf2 Ke7 39. Ke3 d2 40.
Ke2 Kd6 41. Rf1 Kc5 42. Rf6 Kb5 43. Rxe6 Kxa5 44. h4 Kb5 45. h5 gxh5 46. Rh6 a5
47. Rxh5+ Kc4 48. Rxh7 Kb3 49. Kd1 a4 50. Ra7 a3 51. g4 a2 52. Rxa2 Kxa2 53.
Kc2 1/2-1/2

[Event "29. Staufer-Open (A)"]
[Site "?"]
[Date "2017.01.02"]
[Round "1"]
[White "Womacka, Mathias"]
[Black "Hebbering, Tom Elliot"]
[Result "1-0"]
[WhiteElo "2424"]
[BlackElo "2153"]
[PlyCount "113"]
[EventDate "2017.??.??"]
[WhiteTeam "SK Schwäbisch Hall"]
[BlackTeam "SC Herborn"]

1. e4 e5 2. Nf3 Nc6 3. Bb5 Nge7 4. Nc3 g6 5. d4 exd4 6. Nd5 Bg7 7. Bg5 h6 8.
Bf6 Bxf6 9. Nxf6+ Kf8 10. O-O d6 11. Nxd4 Kg7 12. Nd5 Nxd5 13. Nxc6 bxc6 14.
Bxc6 Nb6 15. Bxa8 Nxa8 16. Qd4+ Kh7 17. Qxa7 Nb6 18. a4 Be6 19. a5 Nd7 20. a6
Nb6 21. Qb7 Qc8 22. Qxc8 Bxc8 23. Rfe1 Re8 24. Re3 Kg7 25. Rc3 Re7 26. f3 Kf8
27. Ra5 Ke8 28. Rb3 Kd7 29. a7 Bb7 30. Rxb6 cxb6 31. a8=Q Bxa8 32. Rxa8 Kc6 33.
Rc8+ Kd7 34. Rb8 Kc7 35. Rf8 Kc6 36. Rc8+ Kd7 37. Rb8 Kc7 38. Rf8 Kc6 39. c4
Rc7 40. b4 b5 41. cxb5+ Kxb5 42. Rb8+ Kc4 43. g4 d5 44. exd5 Kxd5 45. Kf2 Rc3
46. h4 Ke6 47. Re8+ Kf6 48. Re3 Rc2+ 49. Re2 Rc3 50. Rb2 Ke5 51. b5 Rc7 52. b6
Rb7 53. Ke3 f6 54. h5 g5 55. Rb5+ Kd6 56. Ke4 Ke6 57. Rb3 1-0

[Event "29. Staufer-Open (A)"]
[Site "?"]
[Date "2017.01.02"]
[Round "1"]
[White "Reimann, Sebastian"]
[Black "Bogdanov, Egor"]
[Result "1/2-1/2"]
[WhiteElo "2152"]
[BlackElo "2396"]
[PlyCount "119"]
[EventDate "2017.??.??"]
[WhiteTeam "SK Kriegshaber"]
[BlackTeam "SF Gerresheim"]

1. e4 c5 2. Nf3 g6 3. d4 cxd4 4. Nxd4 Bg7 5. c4 Nc6 6. Be3 Nf6 7. Nc3 O-O 8.
Be2 b6 9. O-O Bb7 10. f3 e6 11. Rc1 d5 12. cxd5 exd5 13. Nxc6 Bxc6 14. e5 Qe7
15. Bd4 Nd7 16. f4 Rfd8 17. Nb5 Bxb5 18. Bxb5 Nc5 19. Qd2 Ne4 20. Qd3 Rac8 21.
Ba6 Rxc1 22. Rxc1 g5 23. Qa3 Qe6 24. Qh3 Qxh3 25. gxh3 gxf4 26. h4 Nc5 27. Bxc5
bxc5 28. Rxc5 Bxe5 29. Kg2 Bxb2 30. Rc8 Rxc8 31. Bxc8 Kg7 32. Kf3 Bc1 33. Bb7
d4 34. Ke4 Be3 35. Ba6 Kf6 36. Be2 h6 37. h3 Ke6 38. Bc4+ Ke7 39. Bd5 a5 40.
Kd3 Kd6 41. Kc4 d3 42. Bxf7 d2 43. Bh5 Ke5 44. Bf3 Bf2 45. Kd3 Be1 46. h5 Kf5
47. h4 Ke5 48. a4 Kf5 49. Bd1 Ke5 50. Bf3 Kf5 51. Bd1 Ke6 52. Ke4 Bg3 53. Kd3
Be1 54. Ke4 Bg3 55. Kd3 Ke5 56. Kxd2 Ke4 57. Ke2 f3+ 58. Kf1 Kf4 59. Bb3 Kg4
60. Bf7 1/2-1/2

[Event "29. Staufer-Open (A)"]
[Site "?"]
[Date "2017.01.02"]
[Round "1"]
[White "Zeller, Frank"]
[Black "Spitzl, Vinzent"]
[Result "1-0"]
[WhiteElo "2389"]
[BlackElo "2152"]
[PlyCount "51"]
[EventDate "2017.??.??"]
[WhiteTeam "SK Schwäbisch Hall"]
[BlackTeam "SV Griesheim"]

1. e4 c5 2. Nf3 d6 3. d4 cxd4 4. Nxd4 Nf6 5. Nc3 a6 6. Bc4 e6 7. O-O Qc7 8. Bb3
Nc6 9. Be3 b5 10. f4 Nxd4 11. Bxd4 b4 12. Na4 Bb7 13. c3 bxc3 14. Rc1 Nxe4 15.
Nxc3 Nc5 16. Ba4+ Nxa4 17. Nxa4 Qa5 18. Nb6 Rb8 19. b4 Qxb4 20. Rb1 Qa5 21.
Qa4+ Qxa4 22. Nxa4 Kd7 23. Ba7 Be7 24. Rfc1 Rhc8 25. Rxc8 Kxc8 26. Rc1+ 1-0

[Event "29. Staufer-Open (A)"]
[Site "?"]
[Date "2017.01.02"]
[Round "1"]
[White "Wöllermann, Jan"]
[Black "Gabriel, Josef"]
[Result "1-0"]
[WhiteElo "2388"]
[BlackElo "2144"]
[PlyCount "79"]
[EventDate "2017.??.??"]
[WhiteTeam "AE Magdeburg"]
[BlackTeam "Stuttgarter SF"]

1. d4 g6 2. c4 Bg7 3. Nf3 c5 4. d5 d6 5. e4 Nf6 6. Nc3 O-O 7. h3 e6 8. Bd3 exd5
9. cxd5 Re8 10. O-O a6 11. a4 b6 12. Bf4 Qc7 13. Re1 Nbd7 14. Rc1 Nh5 15. Be3
Ne5 16. Be2 Nxf3+ 17. Bxf3 Nf6 18. b4 Nd7 19. Qb3 Rb8 20. Qb1 Qd8 21. b5 a5 22.
Be2 Qh4 23. Bg4 h5 24. Bxd7 Bxd7 25. Qd3 Kh7 26. Bd2 Bd4 27. Re2 f5 28. exf5
Bxf5 29. Qf3 Be5 30. Rce1 Re7 31. Ne4 Bg4 32. Nf6+ Kg7 33. Nxg4 hxg4 34. Qxg4
Qxg4 35. hxg4 Rf7 36. Re4 Rbf8 37. R1e2 Rh8 38. f4 Bd4+ 39. Be3 Bc3 40. g3 1-0

[Event "29. Staufer-Open (A)"]
[Site "?"]
[Date "2017.01.02"]
[Round "1"]
[White "Hahn, Florian"]
[Black "Hacker, Jonas"]
[Result "1/2-1/2"]
[WhiteElo "2142"]
[BlackElo "2369"]
[PlyCount "75"]
[EventDate "2017.??.??"]
[WhiteTeam "SC Herborn"]
[BlackTeam "SC Eppingen"]

1. Nf3 d5 2. g3 c6 3. Bg2 Bg4 4. c4 e6 5. cxd5 Bxf3 6. Bxf3 cxd5 7. O-O Nf6 8.
d3 Nc6 9. Nc3 Be7 10. Qa4 O-O 11. Bg2 a6 12. Bd2 Rc8 13. Rfc1 Qb6 14. Qd1 Ng4
15. Be1 Bc5 16. e3 Nxe3 17. fxe3 Bxe3+ 18. Kh1 Bxc1 19. Qxc1 Ne5 20. Qd2 Qd4
21. Rd1 b5 22. h3 Rc7 23. Bf2 Qb4 24. a3 Qd6 25. Qf4 Rd8 26. Bd4 Nc6 27. Bb6
Qxf4 28. gxf4 Rdc8 29. Bxc7 Rxc7 30. Rc1 Nd4 31. Ne2 Rxc1+ 32. Nxc1 h6 33. Kg1
g5 34. fxg5 hxg5 35. Kf2 Kf8 36. Ne2 Nc6 37. Ke3 Ke7 38. Nc1 1/2-1/2

[Event "29. Staufer-Open (A)"]
[Site "?"]
[Date "2017.01.02"]
[Round "1"]
[White "Kostic, Vladimir"]
[Black "Shahin, Walid"]
[Result "1-0"]
[WhiteElo "2344"]
[BlackElo "2142"]
[PlyCount "93"]
[EventDate "2017.??.??"]
[WhiteTeam "SK München Südost"]
[BlackTeam "SK Weilheim"]

1. e4 e6 2. d3 d5 3. Qe2 Be7 4. Nf3 Nf6 5. Bg5 O-O 6. Nbd2 c5 7. h4 Nc6 8. g3
Kh8 9. Bg2 Nb4 10. Qd1 b6 11. a3 Nc6 12. c3 a5 13. e5 Nd7 14. Bf4 Ba6 15. Qb1
Rc8 16. d4 cxd4 17. cxd4 f5 18. Bf1 Bxf1 19. Kxf1 b5 20. Qd3 b4 21. Ng5 Bxg5
22. hxg5 g6 23. Kg2 bxa3 24. bxa3 Nb6 25. Rh6 Rf7 26. Rah1 Kg8 27. Be3 Qd7 28.
Rc1 Ne7 29. Rc5 Nc4 30. Rxc8+ Qxc8 31. Rh1 f4 32. Bxf4 Nf5 33. Nf3 Qf8 34. a4
Qb4 35. Rb1 Qxa4 36. Nh2 Qa3 37. Qd1 Kg7 38. Ng4 Qc3 39. Nf6 Nxd4 40. Rb8 Rf8
41. Rb7+ Rf7 42. Rxf7+ Kxf7 43. Qa4 Qf3+ 44. Kg1 Ne2+ 45. Kf1 Ne3+ 46. Ke1 Ng2+
47. Kd2 1-0

[Event "29. Staufer-Open (A)"]
[Site "?"]
[Date "2017.01.02"]
[Round "1"]
[White "Frischmann, Rick"]
[Black "Daverkausen, Bernd"]
[Result "1/2-1/2"]
[WhiteElo "2321"]
[BlackElo "2136"]
[PlyCount "68"]
[EventDate "2017.??.??"]
[WhiteTeam "SC Schwarzenbach"]
[BlackTeam "Kölner SK Dr. Lasker"]

1. e4 c5 2. Nf3 Nc6 3. Bb5 Nf6 4. Nc3 g6 5. e5 Ng4 6. Bxc6 dxc6 7. h3 Nh6 8. d3
Nf5 9. Bf4 Bg7 10. O-O Nd4 11. Re1 O-O 12. a3 Be6 13. Ne4 c4 14. dxc4 Nxf3+ 15.
Qxf3 Bxc4 16. Nc5 Bd5 17. Qe3 b6 18. Nd3 Qc8 19. Bh6 c5 20. Bxg7 Kxg7 21. Nf4
Qc6 22. h4 Rad8 23. h5 Be6 24. Rad1 Rd7 25. hxg6 hxg6 26. Rxd7 Qxd7 27. Nh5+
Kh7 28. Qg5 Bf5 29. Nf4 f6 30. exf6 exf6 31. Qh4+ Kg7 32. c4 Re8 33. Rxe8 Qxe8
34. Nd5 Qe1+ 1/2-1/2

[Event "29. Staufer-Open (A)"]
[Site "?"]
[Date "2017.01.02"]
[Round "1"]
[White "Grewenig, Jan"]
[Black "Hahn, Markus"]
[Result "0-1"]
[WhiteElo "2129"]
[BlackElo "2320"]
[PlyCount "74"]
[EventDate "2017.??.??"]
[WhiteTeam "SC Schwarzenbach"]
[BlackTeam "Kasseler SK"]

1. e4 c5 2. Nf3 e6 3. d4 cxd4 4. Nxd4 a6 5. Bd3 Nf6 6. O-O Qc7 7. Qe2 d6 8. c4
g6 9. Nc3 Bg7 10. Rd1 O-O 11. Be3 Nc6 12. Nxc6 Qxc6 13. Bd4 Nd7 14. Bxg7 Kxg7
15. Qd2 Ne5 16. Be2 Rd8 17. Qd4 f6 18. f4 Nf7 19. Kh1 b6 20. Rac1 Bb7 21. b3
Rac8 22. Bg4 Re8 23. Nd5 exd5 24. Bxc8 Rxc8 25. exd5 Qc5 26. Qd2 a5 27. Re1 Rc7
28. h3 h5 29. g4 hxg4 30. hxg4 Bc8 31. g5 fxg5 32. Qb2+ Kf8 33. Rc2 gxf4 34.
Qf6 Bg4 35. Qxg6 Bf3+ 36. Kh2 Qd4 37. Rg1 Qh8+ 0-1

[Event "29. Staufer-Open (A)"]
[Site "?"]
[Date "2017.01.02"]
[Round "1"]
[White "Wichmann, Cliff"]
[Black "Thomas, Ingo"]
[Result "1/2-1/2"]
[WhiteElo "2315"]
[BlackElo "2135"]
[PlyCount "30"]
[EventDate "2017.??.??"]
[WhiteTeam "ESV Nickelhütte Aue"]
[BlackTeam "Krefelder SK Turm"]

1. d4 d5 2. Nf3 Nf6 3. c4 c6 4. Nbd2 Bf5 5. Nh4 Be6 6. e3 g6 7. Bd3 Bg7 8. O-O
O-O 9. Nhf3 dxc4 10. Bxc4 Bxc4 11. Nxc4 Nbd7 12. Qc2 c5 13. Rd1 Rc8 14. Qe2 Qc7
15. Na3 Ne4 1/2-1/2

[Event "29. Staufer-Open (A)"]
[Site "?"]
[Date "2017.01.02"]
[Round "1"]
[White "Pokrupa, Marek"]
[Black "Rafiee, Makan"]
[Result "0-1"]
[WhiteElo "2133"]
[BlackElo "2305"]
[PlyCount "46"]
[EventDate "2017.??.??"]
[WhiteTeam "ASV Burglengenfeld"]
[BlackTeam "Kasseler SK"]

1. g3 Nf6 2. Bg2 e5 3. e4 Nc6 4. Ne2 d5 5. exd5 Nxd5 6. d4 exd4 7. Nxd4 Qe7+ 8.
Ne2 Nb6 9. c3 Bg4 10. h3 Bh5 11. g4 Bg6 12. O-O Rd8 13. Bxc6+ bxc6 14. Nd4 Qf6
15. Re1+ Be7 16. g5 Qd6 17. Qe2 Rd7 18. b3 O-O 19. Ba3 c5 20. h4 Qf4 21. Nc6
Bd6 22. Ne5 Re7 23. Qf3 Rxe5 0-1

[Event "29. Staufer-Open (A)"]
[Site "?"]
[Date "2017.01.02"]
[Round "1"]
[White "Buckels, Valentin"]
[Black "Wagner, Hans"]
[Result "0-1"]
[WhiteElo "2305"]
[BlackElo "2096"]
[PlyCount "76"]
[EventDate "2017.??.??"]
[WhiteTeam "SV Mülheim-Nord"]
[BlackTeam "MTV Ingolstadt"]

1. d4 d5 2. c4 e5 3. dxe5 d4 4. Nf3 Nc6 5. a3 Be6 6. b3 a5 7. Bb2 a4 8. Nxd4
Nxd4 9. Qxd4 Qxd4 10. Bxd4 axb3 11. e3 Ne7 12. Nd2 Nc6 13. Bb2 Ra4 14. Be2 Be7
15. O-O O-O 16. Rfd1 Na5 17. Rac1 f6 18. c5 Nc6 19. Bb5 Raa8 20. exf6 Bxf6 21.
Bxf6 gxf6 22. a4 Ne5 23. Nc4 c6 24. Nxe5 cxb5 25. Nd7 Bxd7 26. Rxd7 bxa4 27.
Rc4 Rf7 28. Rd1 a3 29. Rb4 b2 30. g4 a2 31. Rxb2 a1=Q 32. Rxa1 Rxa1+ 33. Kg2
Ra5 34. Rc2 Rc7 35. Rd2 Raxc5 36. Rd8+ Kf7 37. Rb8 Re5 38. h4 Re8 0-1

[Event "29. Staufer-Open (A)"]
[Site "?"]
[Date "2017.01.02"]
[Round "1"]
[White "Nuding, Matthias"]
[Black "Jurek, Josef"]
[Result "0-1"]
[WhiteElo "2128"]
[BlackElo "2271"]
[PlyCount "64"]
[EventDate "2017.??.??"]
[WhiteTeam "SC Noris-Tarrasch Nürnberg"]
[BlackTeam "SG Schwäbisch Gmünd"]

1. Nf3 c5 2. g3 g6 3. Bg2 Bg7 4. O-O Nc6 5. d3 e5 6. e4 Nge7 7. Nbd2 O-O 8. Re1
d6 9. Nc4 f5 10. exf5 gxf5 11. a4 f4 12. c3 Ng6 13. h3 d5 14. Ncd2 Bf5 15. Qe2
c4 16. dxc4 e4 17. cxd5 exf3 18. Bxf3 Nce5 19. g4 Bd3 20. Qd1 Nh4 21. Bh1 f3
22. Qb3 Qd7 23. d6+ Kh8 24. Qd5 Be2 25. Ne4 Nd3 26. Nc5 Nxc5 27. Qxc5 Rae8 28.
Qxa7 Qxd6 29. Be3 Be5 30. Bd4 Bxd4 31. cxd4 Ng6 32. Qc5 Qf6 0-1

[Event "29. Staufer-Open (B)"]
[Site "?"]
[Date "2017.01.02"]
[Round "1"]
[White "Junger, Ulrich"]
[Black "Gheng, Christian"]
[Result "1-0"]
[WhiteElo "1995"]
[BlackElo "1765"]
[PlyCount "67"]
[EventDate "2017.??.??"]
[WhiteTeam "SV Ebersbach"]
[BlackTeam "Schach-Kids Bernhausen"]

1. Nf3 c5 2. e4 d6 3. g3 Nf6 4. d3 g6 5. Bg2 Bg7 6. O-O O-O 7. Nbd2 Nc6 8. c3
Bd7 9. Qe2 e5 10. Nc4 Be6 11. Ng5 Bxc4 12. dxc4 h6 13. Nf3 Ne8 14. Be3 f5 15.
Rad1 Qe7 16. exf5 gxf5 17. Nh4 Kh7 18. Nxf5 Rxf5 19. Be4 Qf6 20. g4 Ne7 21. Qd3
Rb8 22. Bxf5+ Nxf5 23. Qxf5+ Qxf5 24. gxf5 Bf6 25. f4 Kg7 26. Kf2 Rd8 27. Kf3
exf4 28. Bxf4 Bg5 29. Bxg5 hxg5 30. Kg4 Kf6 31. Rfe1 Ng7 32. Rd5 a6 33. Red1
Ne8 34. Rxc5 1-0

[Event "29. Staufer-Open (B)"]
[Site "?"]
[Date "2017.01.02"]
[Round "1"]
[White "Küchle, Helmut"]
[Black "Macho, Roland"]
[Result "0-1"]
[WhiteElo "1761"]
[BlackElo "1986"]
[PlyCount "58"]
[EventDate "2017.??.??"]
[WhiteTeam "Post-SV Memmingen"]
[BlackTeam "SV Hussenhofen"]

1. e4 c5 2. Nf3 Nc6 3. c3 Nf6 4. e5 Nd5 5. d4 cxd4 6. cxd4 d6 7. Qb3 e6 8. Nc3
dxe5 9. Nxd5 exd5 10. Bb5 exd4 11. Nxd4 Bd7 12. Qxd5 Nxd4 13. Bxd7+ Qxd7 14.
Qxd7+ Kxd7 15. O-O Ne2+ 16. Kh1 Nxc1 17. Raxc1 Rc8 18. Rcd1+ Bd6 19. a3 Rc2 20.
b4 Re8 21. g3 Ree2 22. Kg2 Re3 23. a4 Re4 24. b5 Rxa4 25. Rd5 Rc5 26. Rfd1 Rxd5
27. Rxd5 Ra5 28. Rf5 f6 29. h4 a6 0-1